Vyjednávanie o kolektívnych zmluvách
Príprava a tvorba kolektívnych zmlúv. Ústavný zákon č. 23/1991 Zb., ktorým sa uvádza Listina základných práv a slobôd a Ústava Slovenskej republiky. Ratifikované medzinárodné dokumenty. Európska sociálna charta. Dodatkový protokol k Európskej sociálnej charte. Úprava procesných a inštitucionálnych o...
Guardado en:
| Autor principal: | |
|---|---|
| Formato: | Capítulo de libro |
| Lenguaje: | eslovaco |
| Materias: | |
| Etiquetas: |
Sin Etiquetas, Sea el primero en etiquetar este registro!
|
MARC
| LEADER | 00000naa a2200000 4500 | ||
|---|---|---|---|
| 001 | r040976 | ||
| 005 | 20231003081535.2 | ||
| 041 | 0 | |a slo | |
| 044 | |a SK | ||
| 245 | 1 | 0 | |a Vyjednávanie o kolektívnych zmluvách |c Marta Vladárová |
| 520 | |a Príprava a tvorba kolektívnych zmlúv. Ústavný zákon č. 23/1991 Zb., ktorým sa uvádza Listina základných práv a slobôd a Ústava Slovenskej republiky. Ratifikované medzinárodné dokumenty. Európska sociálna charta. Dodatkový protokol k Európskej sociálnej charte. Úprava procesných a inštitucionálnych otázok kolektívneho vyjednávania v právnom poriadku Slovenskej republiky. Zákon č. 2/1991 Zb. o kolektívnom vyjednávaní, ako to vyplýva zo zmien a doplnení vykonaných zákonom č. 519/1991 Zb. a zákonom č. 54/1996 Z.z. | ||
| 610 | 2 | 0 | |a vyjednávanie kolektívne |
| 610 | 2 | 0 | |a dohody generálne |
| 610 | 2 | 0 | |a dokumenty vládne |
| 610 | 2 | 0 | |a charta |
| 610 | 2 | 0 | |a vzťahy pracovnoprávne |
| 610 | 2 | 0 | |a zákonník práce |
| 610 | 2 | 0 | |a zmluvy kolektívne |
| 610 | 2 | 0 | |a štrajky |
| 610 | 2 | 0 | |a zákony |
| 610 | 2 | 0 | |a Slovensko |
| 100 | 1 | |a Vladárová, Marta | |